Biggest towns by cardinal direction in Luxembourg - Statistics

General Stats
  • This quiz has been taken 5 times
  • The average score is 22 of 28
Answer Stats
Population Town % Correct
7.271 Diekirch
100%
7.271 Diekirch
100%
16.796 Differdange
100%
21.914 Dudelange
100%
5.866 Echternach
100%
36.551 Esch-sur-Alzette
100%
36.551 Esch-sur-Alzette
100%
8.108 Ettelbruck
100%
131.910 Luxembourg
100%
131.910 Luxembourg
100%
131.910 Luxembourg
100%
131.910 Luxembourg
100%
1.896 Troisvierges
100%
3.337 Wasserbillig
100%
5.692 Wiltz
100%
5.076 Grevenmacher
80%
9.755 Pétange
80%
7.530 Rodange
80%
1.455 Weiswampach
80%
898 Rosport
60%
5.784 Rumelange
60%
169 Beiler
40%
413 Born
40%
87 Hinkel
40%
455 Huldange
40%
915 Perlé
40%
206 Rombach-Martelange
40%
10.480 Strassen
40%
No matching quizzes found
Score Distribution
Percent of People with Each Score
Percentile by Number Answered
Your Score History
You have not taken this quiz